[Event "BIH-chT1 30th"]
[Site "Gorazde"]
[Date "2023.08.30"]
[Round "8.5"]
[White "Babic, Milana"]
[Black "Sestic, Nermin"]
[Result "1-0"]
[WhiteElo "1880"]
[BlackElo "2062"]
[PlyCount "77"]
[EventDate "2023.08.26"]
[EventType "team-tourn"]
[EventRounds "9"]
[EventCountry "BIH"]
[SourceTitle "EXT 2024"]
[Source "ChessBase"]
[SourceDate "2023.10.10"]
[SourceVersion "1"]
[SourceVersionDate "2023.10.10"]
[SourceQuality "1"]

1. Nf3 Nf6 2. g3 g6 3. Bg2 Bg7 4. 0-0 0-0 5. d4 d5 6. Nbd2 b6 7. c4 c6 8. b3 Bb7 9. Bb2 Nbd7 10. Rc1 Rc8 11. Re1 Re8 12. Qc2 e6 13. Qb1 Bh6 14. e3 Qe7 15. c5 bxc5 16. Ba3 Qd8 17. Bxc5 Nxc5 18. Rxc5 Nd7 19. Rc3 c5 20. dxc5 Rxc5 21. Rxc5 Nxc5 22. Rc1 Qb6 23. b4 Ne4 24. Nxe4 dxe4 25. Ne5 f5 26. Bf1 Bd5 27. Nd7 Qd8 28. Bb5 Bg7 29. Rc2 h5 30. Qc1 Kh7 31. Rc7 Rg8 32. Rxa7 Kh6 33. a4 Qe7 34. Qc5 Qg5 35. h4 Qg4 36. Qc7 Ra8 37. Nf6 Qd1+ 38. Kh2 Rxa7 39. Qf4+ 1-0

[Event "BIH-chT1 30th"]
[Site "Gorazde"]
[Date "2023.08.28"]
[Round "5.4"]
[White "Sestic, Nermin"]
[Black "Sajin, Mirko"]
[Result "1/2-1/2"]
[WhiteElo "2062"]
[BlackElo "2179"]
[PlyCount "71"]
[EventDate "2023.08.26"]
[EventType "team-tourn"]
[EventRounds "9"]
[EventCountry "BIH"]
[SourceTitle "EXT 2024"]
[Source "ChessBase"]
[SourceDate "2023.10.10"]
[SourceVersion "1"]
[SourceVersionDate "2023.10.10"]
[SourceQuality "1"]

1. d4 Nf6 2. Nf3 g6 3. c4 Bg7 4. e3 0-0 5. Be2 b6 6. 0-0 Bb7 7. Nc3 d5 8. cxd5 Nxd5 9. Bd2 e6 10. Rc1 Nd7 11. Nxd5 exd5 12. Bb5 a6 13. Bc6 Bxc6 14. Rxc6 Nc5 15. Bb4 Qd7 16. Bxc5 Rfe8 17. Ne5 Bxe5 18. dxe5 Qxc6 19. Bd4 Qe6 20. b4 Rac8 21. f4 f5 22. exf6 c5 23. bxc5 bxc5 24. Be5 Rcd8 25. h4 d4 26. exd4 cxd4 27. h5 Kf7 28. Rf3 Qd5 29. hxg6+ hxg6 30. Qd3 Qb5 31. Qa3 d3 32. Rh3 Rxe5 33. fxe5 Qxe5 34. Qb3+ Qd5 35. Rxd3 Qxb3 36. Rxb3 1/2-1/2

[Event "BIH-chT 29th"]
[Site "Bihac"]
[Date "2022.08.28"]
[Round "9.5"]
[White "Sestic, Nermin"]
[Black "Cinac, Dzemal"]
[Result "0-1"]
[WhiteElo "2088"]
[BlackElo "1826"]
[PlyCount "78"]
[EventDate "2022.08.23"]
[EventType "tourn"]
[EventRounds "9"]
[EventCountry "BIH"]
[SourceTitle "CBM 210 Extra"]
[Source "ChessBase"]
[SourceDate "2022.11.30"]
[SourceVersion "1"]
[SourceVersionDate "2022.11.30"]
[SourceQuality "1"]

1. d4 Nf6 2. Nf3 g6 3. c4 Bg7 4. Nc3 0-0 5. e3 d6 6. Be2 Nbd7 7. 0-0 e5 8. b3 Re8 9. Qc2 exd4 10. Nxd4 Nc5 11. Bf3 Ne6 12. Nxe6 Rxe6 13. Rd1 Re8 14. Bb2 Bf5 15. Qe2 c6 16. Rd2 Qe7 17. Rad1 Rad8 18. Ba3 Qe5 19. Na4 d5 20. Bb2 Qe6 21. Bxf6 Bxf6 22. cxd5 cxd5 23. Bxd5 Qe7 24. Qb5 Bg4 25. Rc1 b6 26. Rdc2 Be5 27. e4 Bf4 28. Rb1 Rc8 29. Rxc8 Rxc8 30. Qd3 Bb8 31. g3 Qa3 32. Nc3 Be5 33. Nd1 Qxa2 34. b4 Be2 35. Bxf7+ Kxf7 36. Qd7+ Kf6 37. Ne3 Qxb1+ 38. Kg2 Qxe4+ 39. Kh3 Bf1+ 0-1

[Event "BIH-chT1A 28th"]
[Site "Mostar"]
[Date "2021.08.10"]
[Round "7.4"]
[White "Zenelaj, Samuel"]
[Black "Sestic, Nermin"]
[Result "1/2-1/2"]
[WhiteElo "2169"]
[BlackElo "2114"]
[PlyCount "63"]
[EventDate "2021.08.06"]
[EventType "team-tourn"]
[EventRounds "9"]
[EventCountry "BIH"]
[SourceTitle "CBM 203 Extra"]
[Source "ChessBase"]
[SourceDate "2021.09.30"]
[SourceVersion "1"]
[SourceVersionDate "2021.09.30"]
[SourceQuality "1"]
[WhiteTeam "Konjic Igman"]
[BlackTeam "Zenica Celik"]
[WhiteTeamCountry "BIH"]
[BlackTeamCountry "BIH"]

1. e4 e6 2. d4 d5 3. Nd2 c5 4. exd5 Qxd5 5. Ngf3 cxd4 6. Bc4 Qd6 7. 0-0 Nf6 8. Nb3 Nc6 9. Nbxd4 Nxd4 10. Nxd4 a6 11. Re1 Qc7 12. Qe2 Be7 13. c3 0-0 14. Bg5 b5 15. Bd3 Bb7 16. a4 Nd5 17. Nxe6 fxe6 18. Qxe6+ Rf7 19. Bxe7 Nxe7 20. Bxh7+ Kf8 21. Be4 Rd8 22. Bxb7 Qxb7 23. Rad1 Rxd1 24. Rxd1 Ke8 25. axb5 axb5 26. Qh3 Rf8 27. Qh5+ g6 28. Qe5 Qb6 29. Rd4 Rf5 30. Qh8+ Rf8 31. Qe5 Rf5 32. Qh8+ 1/2-1/2

[Event "Lukavac op 8th"]
[Site "Lukavac"]
[Date "2019.11.24"]
[Round "4"]
[White "Sestic, Nermin"]
[Black "Muratovic, Efim"]
[Result "1/2-1/2"]
[WhiteElo "2105"]
[BlackElo "2398"]
[PlyCount "103"]
[EventDate "2019.11.22"]
[EventType "swiss"]
[EventRounds "7"]
[EventCountry "BIH"]
[SourceTitle "CBM 193 Extra"]
[Source "ChessBase"]
[SourceDate "2020.01.31"]
[SourceVersion "1"]
[SourceVersionDate "2020.01.31"]
[SourceQuality "1"]

1. d4 Nf6 2. Nf3 g6 3. c4 Bg7 4. e3 0-0 5. Be2 c5 6. 0-0 cxd4 7. Nxd4 Nc6 8. b3 Nxd4 9. exd4 d5 10. Bb2 dxc4 11. bxc4 Ne4 12. Na3 Qa5 13. Qc2 Nd6 14. c5 Nf5 15. Nc4 Qd8 16. Rad1 Be6 17. Bf3 Bd5 18. Be4 Rc8 19. Ne3 Nxe3 20. fxe3 e6 21. Ba3 Rc6 22. Rb1 Ra6 23. Bxd5 Qxd5 24. Qb3 Re8 25. Bc1 Re7 26. a3 Qxb3 27. Rxb3 b6 28. Bd2 Rc7 29. Rfb1 Bf8 30. cxb6 axb6 31. Rxb6 Rxb6 32. Rxb6 Bxa3 33. Kf2 Rc2 34. Ke1 Bc1 35. Bxc1 Rxc1+ 36. Kf2 Kg7 37. h3 h5 38. Rb7 g5 39. Rd7 Kg6 40. e4 Rc2+ 41. Kf3 f5 42. exf5+ exf5 43. Rd6+ Kf7 44. Rh6 h4 45. Rd6 Rc3+ 46. Kf2 Rd3 47. Ke2 Ke7 48. Rg6 Rg3 49. Kf2 g4 50. hxg4 Rxg4 51. Rxg4 fxg4 52. Ke3 1/2-1/2

[Event "Lukavac op 1st"]
[Site "Lukavac"]
[Date "2012.11.25"]
[Round "5"]
[White "Dugonjic, Dragan"]
[Black "Sestic, Nermin"]
[Result "1-0"]
[WhiteElo "2062"]
[BlackElo "2123"]
[PlyCount "89"]
[EventDate "2012.11.23"]
[EventType "swiss"]
[EventRounds "7"]
[EventCountry "BIH"]
[SourceTitle "CBM 151 Extra"]
[Source "ChessBase"]
[SourceDate "2012.12.18"]
[SourceVersion "1"]
[SourceVersionDate "2012.12.18"]
[SourceQuality "1"]

1. e4 e6 2. d4 d5 3. Nc3 Bb4 4. e5 c5 5. a3 Ba5 6. Bd2 cxd4 7. Nb5 Bc7 8. f4 Nc6 9. Nf3 a6 10. Nxc7+ Qxc7 11. Bd3 Nge7 12. 0-0 h6 13. Qe1 Bd7 14. Qg3 g6 15. Qf2 Qb6 16. Bc3 Rc8 17. Kh1 Qc7 18. Nxd4 Nxd4 19. Bxd4 Bb5 20. b4 Bxd3 21. cxd3 0-0 22. Bc5 Rfe8 23. g4 Nc6 24. Rg1 Qd8 25. d4 b6 26. Bd6 Qd7 27. Rg3 Kg7 28. f5 Rh8 29. Rf1 g5 30. fxe6 Qxe6 31. Rf3 Nd8 32. Rf6 Qxg4 33. Rxf7+ Kg6 34. Rf6+ Kh5 35. Qg2 Nc6 36. Qxd5 Nxd4 37. Rg1 Qe2 38. Qxd4 Rc2 39. e6 Rd8 40. Rxh6+ Kxh6 41. Qf6+ Kh7 42. Qf7+ Kh8 43. Qf6+ Kh7 44. Qf5+ Kh8 45. Be5+ 1-0

[Event "BIH-chT1A"]
[Site "Neum"]
[Date "2012.08.25"]
[Round "1.1"]
[White "Sestic, Nermin"]
[Black "Smajlovic, Nijaz"]
[Result "1-0"]
[WhiteElo "2138"]
[BlackElo "1994"]
[PlyCount "61"]
[EventDate "2012.08.25"]
[EventType "team-tourn"]
[EventRounds "9"]
[EventCountry "BIH"]
[SourceTitle "CBM 150 Extra"]
[Source "ChessBase"]
[SourceDate "2012.10.19"]
[SourceVersion "1"]
[SourceVersionDate "2012.10.19"]
[SourceQuality "1"]

1. d4 e6 2. c4 Nf6 3. Nf3 d5 4. Bg5 Be7 5. e3 0-0 6. Bd3 dxc4 7. Bxc4 Nd5 8. Bxe7 Qxe7 9. 0-0 f5 10. Qb3 c6 11. Nbd2 Nd7 12. Rac1 N7f6 13. Ne5 g5 14. a3 g4 15. f3 Nd7 16. e4 Nxe5 17. dxe5 Nb6 18. Be2 Bd7 19. exf5 Rxf5 20. f4 Raf8 21. g3 h5 22. Ne4 R5f7 23. Nd6 c5 24. Rxc5 Bc6 25. Bc4 Rg7 26. Bxe6+ Kh8 27. f5 Qg5 28. f6 Rc7 29. Rf5 Qg6 30. Qe3 Nd7 31. Rc1 1-0